[Event "Asia-ch Seniors 65"]
[Site "Larestan"]
[Date "2015.09.26"]
[Round "2"]
[White "Sadat Mansouri, Seyed Mohammada"]
[Black "Doostkam, Mehdi"]
[Result "1-0"]
[WhiteElo "1665"]
[BlackElo "2322"]
[PlyCount "111"]
[EventDate "2015.09.25"]
[EventType "swiss"]
[EventRounds "9"]
[EventCountry "IRI"]
[SourceTitle "EXT 2017"]
[Source "ChessBase"]
[SourceDate "2016.10.25"]
[SourceVersion "1"]
[SourceVersionDate "2016.10.25"]
[SourceQuality "1"]

1. e4 c6 2. d4 d5 3. Nc3 dxe4 4. Nxe4 Bf5 5. Ng3 Bg6 6. Nf3 Nd7 7. h4 h6 8. h5 Bh7 9. Bd3 Bxd3 10. Qxd3 Ngf6 11. Bd2 e6 12. 0-0-0 Be7 13. Qe2 Qc7 14. Ne5 0-0 15. f4 c5 16. Nxd7 Qxd7 17. dxc5 Qc7 18. Rhe1 Rfc8 19. Ne4 Nxe4 20. Qxe4 Bxc5 21. Bc3 Bd6 22. g3 Rd8 23. Rd3 Be7 24. Red1 Bf6 25. Bxf6 gxf6 26. Rxd8+ Rxd8 27. Rxd8+ Qxd8 28. Qxb7 Qd4 29. Qf3 f5 30. a3 f6 31. Kb1 e5 32. Qb3+ Kg7 33. Qb7+ Kg8 34. Qc8+ Kg7 35. Qxf5 e4 36. Qg6+ Kf8 37. Qxh6+ Ke7 38. Qg7+ Ke6 39. Qg8+ Ke7 40. Qg7+ Ke6 41. Qg4+ Kd6 42. f5 Qg1+ 43. Ka2 e3 44. Qd4+ Kc6 45. Qxf6+ Kd5 46. Qe6+ Kd4 47. f6 Qf2 48. f7 e2 49. Qd6+ Ke4 50. Qd3+ Ke5 51. f8Q Qxf8 52. Qxe2+ Kd6 53. Qd3+ Kc7 54. Qd5 a5 55. Qxa5+ Kb7 56. Qb4+ 1-0